00501nam a2200145Ia 4500008004100000245012300041260001800164260000900182300000800191500001300199650001300212856003800225999001900263952007300282170516s9999 xx 000 0 und d aArticleContribution of the Hair Follicular Pathway to Total Skin Permeation of Topically Applied and Exposed Chemicals bPharmaceutics c2016 a8:4 aDecember xPharmacy uhttp://www.mdpi.com/1999-4923/8/4 c331022d331022 001040aCLbCLd2017-05-16l0r2017-05-16 00:00:00w2017-05-16yFOJ